Guess The Taylor Swift song - Statistics

General Stats
  • This quiz has been taken 34 times
  • The average score is 284 of 439
Answer Stats
Answer % Correct
a
100%
I
97%
The
90%
the
90%
do
87%
we
84%
me
81%
me?'
81%
me?
81%
me,
81%
on
81%
who
81%
You
81%
you
81%
(You
81%
an
77%
be
77%
be)
77%
it
77%
should
77%
to
77%
all
74%
and
74%
And
74%
as
74%
don't
74%
'Don't
74%
hear
74%
is
74%
Is
74%
is?
74%
where
74%
who's
74%
'Who's
74%
Who's
74%
your
74%
get
71%
her
71%
in
71%
my
71%
not
71%
of
71%
So
71%
that?'
71%
that
71%
That
71%
about
68%
afraid
68%
If
68%
if
68%
little
68%
old
68%
they
68%
But
65%
from
65%
like
65%
tell
65%
Well,
65%
what
65%
At
61%
said
61%
said?
61%
say
61%
scream
61%
Then
61%
then
61%
was
61%
you're
61%
can
58%
did?
58%
down
58%
just
58%
levitate
58%
out
58%
sad
58%
street
58%
for
55%
how
55%
I'm
55%
this
55%
gallows
52%
had
52%
I'll
52%
leap
52%
Nothing
52%
took
52%
why
52%
with
52%
everything
48%
feel
48%
hurt
48%
made
48%
one
48%
record
48%
scratch
48%
should've
48%
teeth'
48%
am
45%
attack
45%
bad
45%
dead,
45%
didn't
45%
into
45%
life
45%
mean
45%
more
45%
Put
45%
tame
45%
wanted
45%
worry
45%
wouldn't
45%
alive
42%
broke?
42%
Cause
42%
cause
42%
circus
42%
gentle
42%
last
42%
makes
42%
party
42%
poised
42%
til
42%
asylum
39%
Crash
39%
crash
39%
cry
39%
folks
39%
folks,
39%
good
39%
hour
39%
joke
39%
keep
39%
laugh
39%
Lets
39%
raised
39%
show
39%
thats
39%
until
39%
wanna
39%
wonder
39%
along
35%
always
35%
bare
35%
hands
35%
isn't
35%
own
35%
singing
35%
songs
35%
still
35%
The scandal
35%
their
35%
bullet
32%
contained
32%
grazed
32%
kids
32%
name
32%
narcotics
32%
snarl
32%
wrong
32%
costs
29%
disturbed
29%
drunk
29%
fearsome
29%
house
29%
paths
29%
paved
29%
sneak
29%
step
29%
sue
29%
tears,
29%
called
26%
cobwebs
26%
crazy
26%
lawn
26%
taught
26%
wretched
26%
caged
19%
lured
19%
tellme
16%
trained
16%
afriad
3%
No matching quizzes found
Score Distribution
Percent of People with Each Score
Percentile by Number Answered
Your Score History
You have not taken this quiz